| LEADER |
01168nam0a2200241 450 |
| 001 |
16868126 |
| 010 |
|
|
|a 978-2-07-516061-2
|b br.
|d 19
|
| 100 |
|
|
|a 20210616d2021 u u0frey01 ba
|
| 101 |
0 |
|
|a fre
|
| 102 |
|
|
|a FR
|
| 200 |
0 |
|
|a Enchanteuse (L')
|f Timothée de Fombelle
|g illustré par François Place
|
| 207 |
|
1 |
|a
|
| 210 |
|
|
|a Paris
|c Gallimard-Jeunesse
|d 2021
|
| 215 |
|
|
|a 1 vol. (422 p.)
|c illustrations en noir et blanc
|d 23 cm
|
| 225 |
1 |
|
|a Alma
|v 2
|
| 330 |
|
|
|a Au printemps 1787, Alma et Joseph Mars sont sur une île des Caraïbes entourés de pirates. Sur les traces du navire La Douce Amélie et de son trésor, Alma n'en oublie pas pour autant sa quête première, celle de retrouver son petit frère Lam. Alors que leurs chemins se séparent, Alma et Joseph découvrent ce qui les unit. Electre 2021
|
| 461 |
|
0 |
|t Alma
|v 2
|
| 606 |
0 |
|
|a Esclavage
|x Roman pour la jeunesse
|
| 700 |
|
0 |
|a Fombelle
|b Timothée de
|f 1973-....
|4 70
|
| 702 |
|
0 |
|a Place
|b François
|c auteur-illustrateur
|f 1957-....
|4 440
|
| 900 |
|
|
|a Roman (jeunesse)
|
| 901 |
|
|
|a Jeunesse
|
| 995 |
|
|
|a Médiathèque
|c Médiathèque
|f 00156010462349
|h 00156010462349
|k J FOM ALM 2
|o p
|q j
|r az
|e Médiathèque
|